Lyrics - She Said, She Said - The Beatles - Statistics

General Stats
  • This quiz has been taken 362 times
  • The average score is 86 of 108
Answer Stats
Answer % Correct
said
100%
said.
100%
She
100%
I
99%
a
94%
be
93%
like
92%
to
92%
it
91%
what
91%
You
91%
you
91%
know
89%
me
88%
it's
87%
And
86%
is
85%
never
85%
feel
84%
I've
84%
your
84%
been
83%
dead.
80%
making
80%
sad.
79%
born.
77%
that
75%
No
74%
no
74%
you're
74%
in
72%
don't
71%
I'm
69%
When
69%
was
67%
she's
66%
head?
64%
wrong.
63%
boy
62%
make
62%
all
60%
everything
60%
Everything
60%
understand
60%
right.
58%
things
58%
Things
58%
those
57%
Who
57%
put
54%
mad.
51%
ready
45%
leave.
42%
Even
39%
though
38%
'Cause
33%
No matching quizzes found
Score Distribution
Percent of People with Each Score
Percentile by Number Answered
Your Score History
You have not taken this quiz